| 000 | 01049nam a2200277 i 4500 | ||
|---|---|---|---|
| 001 | bg | ||
| 003 | BPK | ||
| 005 | 20190729133124.0 | ||
| 008 | 011026s2001 pl a f |000 0 pol | ||
| 015 | _aPB 2002/10448 | ||
| 040 |
_aWA N _cBPK |
||
| 080 | _a621.1 | ||
| 080 | _a004.94 | ||
| 100 | 1 |
_aStanisławski, Włodzimierz _d(1949- ) _eAutor |
|
| 245 | 1 | 0 |
_aModelowanie i symulacja komputerowa parowników przepływowych kotłów energetycznych / _cWłodzimierz Stanisławski. |
| 260 |
_aOpole : _bOficyna Wydawnicza PO, _c2001. |
||
| 300 |
_a244 s. : _bil. ; _c24 cm. |
||
| 490 | 1 |
_aStudia i Monografie / Politechnika Opolska, _x1429-6063 ; _vz. 124. |
|
| 504 | _aBibliogr. | ||
| 650 | 4 |
_aKotły parowe _xbudowa i konstrukcje. |
|
| 650 | 4 |
_aKotły parowe _xregulacja. |
|
| 650 | 4 |
_aSymulacja _xstosowanie _xenergetyka. |
|
| 830 | 0 |
_aStudia i Monografie - Politechnika Opolska, _vz. 124. |
|
| 856 |
_uhttp://koha.tu.koszalin.pl/cgi-bin/koha/opac-detail.pl?biblionumber=40867 _yKatalog online BPK |
||
| 942 |
_2UKD _cKS |
||
| 999 |
_c40867 _d40867 |
||